Report on Lake Tsana outlet control works and Ethiopian highways from Addis Ababa to Lake Tsana /

محفوظ في:

المؤلف الرئيسي: Saba, Mahmoud, 1886-1976 (مؤلف)

مؤلف مشترك: J. G. White Engineering Corporation.

التنسيق: كتاب

اللغة: English

منشور في: Cairo : Government Press, 1947.

الموضوعات:

الوسوم: إضافة وسم

لا توجد وسوم, كن أول من يضع وسما على هذه التسجيلة!

رقم الطلب: ( F )TC519 .T72 J48 1947

LEADER 00953namaa2200253 4500
001 16439
003 OSt
005 20221218114449.0
008 130303s1947 ua f g 000 0 eng d
952 |0 0  |1 0  |2 lcc  |4 0  |7 1  |9 45134  |a ARCE  |b ARCE  |d 2022-12-18  |l 0  |o ( F )TC519 .T72 J48 1947  |p 1024378  |r 2022-12-18 00:00:00  |w 2022-12-18  |y BK 
999 |c 14187  |d 14187 
040 |c ARCE Library 
043 |a f-et--- 
050 4 |a ( F )TC519 .T72 J48 1947 
100 1 |a Saba, Mahmoud,  |d 1886-1976,  |e author 
245 1 0 |a Report on Lake Tsana outlet control works and Ethiopian highways from Addis Ababa to Lake Tsana /  |c Mahmoud Saba ; J.G. White Engineering Corporation. 
264 1 |a Cairo :   |b Government Press,   |c 1947. 
300 |a 152 pages :   |b plates ;   |c 34 cm. 
650 0 |a Lakes  |z Ethiopia. 
650 0 |a Tana, Lake (Ethiopia)  |9 7678 
650 0 |a Flood control   |z Ethiopia   |z Lake Tana. 
710 2 |a J. G. White Engineering Corporation. 
901 |a reviewed 
942 |c BK  |2 lcc